| 000 | 00764cam a2200289 a 4500 | ||
|---|---|---|---|
| 001 | 611978 | ||
| 003 | OSt | ||
| 005 | 20180116183027.0 | ||
| 008 | 871120s1987 nyu 000 1 eng | ||
| 010 | _a 87004691 | ||
| 020 | _a0671624415 | ||
| 035 | _a(OCoLC)15316291 | ||
| 035 | _a(OCoLC)ocm15316291 | ||
| 035 | _a(CStRLIN)NYCG87-B91835 | ||
| 035 | _a(NNC)611978 | ||
| 040 | _c0 | ||
| 050 | 0 |
_aPS3556.I8115 _bP6 1987 |
|
| 082 | 0 |
_a813.54 FIS 1987 _219 |
|
| 090 |
_aPS3556.I8115 _bP6 1987 |
||
| 100 | 1 | _aFisher, Carrie. | |
| 245 | 1 | 0 |
_aPostcards From the Edge _cCarrie Fisher. |
| 260 |
_aNew York, N.Y. : _bSimon and Schuster, _cc1987. |
||
| 300 |
_a223 p. ; _c23 cm. |
||
| 440 | _aPostcards From the Edge | ||
| 942 |
_2ddc _cBK |
||
| 999 |
_c350857 _d350857 |
||